<?xml version="1.0" encoding="UTF-8"?><?xml-stylesheet type="text/xsl" href="static/style.xsl"?><OAI-PMH xmlns="http://www.openarchives.org/OAI/2.0/" xmlns:xsi="http://www.w3.org/2001/XMLSchema-instance" xsi:schemaLocation="http://www.openarchives.org/OAI/2.0/ http://www.openarchives.org/OAI/2.0/OAI-PMH.xsd"><responseDate>2026-06-29T02:40:51Z</responseDate><request verb="GetRecord" identifier="oai:docta.ucm.es:20.500.14352/113839" metadataPrefix="marc">https://docta.ucm.es/rest/oai/request</request><GetRecord><record><header><identifier>oai:docta.ucm.es:20.500.14352/113839</identifier><datestamp>2025-08-25T13:11:56Z</datestamp><setSpec>com_20.500.14352_14</setSpec><setSpec>col_20.500.14352_15</setSpec></header><metadata><record xmlns="http://www.loc.gov/MARC21/slim" xmlns:dcterms="http://purl.org/dc/terms/" xmlns:xsi="http://www.w3.org/2001/XMLSchema-instance" xmlns:doc="http://www.lyncode.com/xoai" xsi:schemaLocation="http://www.loc.gov/MARC21/slim http://www.loc.gov/standards/marcxml/schema/MARC21slim.xsd">
   <leader>00925njm 22002777a 4500</leader>
   <datafield ind2=" " ind1=" " tag="042">
      <subfield code="a">dc</subfield>
   </datafield>
   <datafield ind2=" " ind1=" " tag="720">
      <subfield code="a">Montalvo Mareca, Sergio</subfield>
      <subfield code="e">author</subfield>
   </datafield>
   <datafield ind2=" " ind1=" " tag="260">
      <subfield code="c">2023</subfield>
   </datafield>
   <datafield ind2=" " ind1=" " tag="520">
      <subfield code="a">RESUMEN: Este artículo se centra en el estudio de una pieza breve escrita por la dramaturga Diana de Paco Serrano. A través del texto, «Su tabaco, gracias» (2002), la autora presenta, sin renunciar al humor crudo que caracteriza su teatro, el proceso de enloquecimiento de Miguel, quien sufre las consecuencias de una nueva sociedad donde los individuos ya no se escuchan. Con el teatro clásico como telón de fondo, la dramaturga presenta aquí una nueva tragedia, de carácter urbano y contemporánea en el tiempo, que habla sobre la incomunicación humana, el impacto de la tecnología y sus consecuencias sobre los individuos</subfield>
   </datafield>
   <datafield ind2=" " ind1=" " tag="520">
      <subfield code="a">ABSTRACT: The objective of this article is to study a short text written by the playwright and researcher Diana de Paco Serrano. Through the play, «Su tabaco, gracias» (2002), the author presents, without renouncing the crude humour that characterises her theatre, the process of Miguel’s madness, who suffers the consequences of a new society in which the invidious are no longer being listened to. Following the principles of Greek drama, here, the playwright presents a new model of tragedy, which is urban and contemporary, that speaks about of human miscommunication or the impact of technology and its consequences</subfield>
   </datafield>
   <datafield ind1="8" ind2=" " tag="024">
      <subfield code="a">Montalvo Mareca S. (2023). El “mundo actual” en una obra de Diana de Paco Serrano: análisis de la incomunicación en Su tabaco, gracias (2002). Dicenda. Estudios de lengua y literatura españolas, 41, 153-161. https://doi.org/10.5209/dice.90149</subfield>
   </datafield>
   <datafield ind1="8" ind2=" " tag="024">
      <subfield code="a">10.5209/dice.90149</subfield>
   </datafield>
   <datafield ind1="8" ind2=" " tag="024">
      <subfield code="a">https://hdl.handle.net/20.500.14352/113839</subfield>
   </datafield>
   <datafield ind1="8" ind2=" " tag="024">
      <subfield code="a">1988-2556</subfield>
   </datafield>
   <datafield ind1="8" ind2=" " tag="024">
      <subfield code="a">https://doi.org/10.5209/dice.90149</subfield>
   </datafield>
   <datafield ind2="0" ind1="0" tag="245">
      <subfield code="a">El “mundo actual” en una obra de Diana de Paco Serrano : análisis de la incomunicación en «Su tabaco, gracias» (2002)</subfield>
   </datafield>
   <datafield ind2="0" ind1="0" tag="245">
      <subfield code="a">The “mundo actual” in a play by Diana de Paco Serrano : analysis of miscommunication in «Su tabaco, gracias» (2002)</subfield>
   </datafield>
</record></metadata></record></GetRecord></OAI-PMH>